Dragons Around The World! - Statistics

General Stats
  • This quiz has been taken 13 times
  • The average score is 6 of 15
Answer Stats
Question Answer % Correct
What is the name of the Philippine Dragon said to be responsible for lunar and solar Eclipses Bakunawa
67%
What is the name of the Mayan serpent deity Kukulkan
67%
What was the Name of the Greek Dragon that guarded the Golden Apples in the Garden of the Hesperides? Ladon
67%
What is the Name of the French spine-backed dragon-beast said to be a descendant of the Biblical Leviathan? Tarasque
67%
Who was His/Her draconian Parent? Tiamat
67%
Who was His/Her Father? Typhon
67%
What are the 2-legged, 2-winged serpent dragons of Catalan Myth called? Drac
33%
What are the Germanic water dragons known as? Knucker
33%
what is the Ilokano phantom Dragon that seeks to swallow the moon? Olimaw
33%
What is the name of the eastern European dragon slain by a clever shoemaker's apprentice Smok
33%
What is the name of the Armenian water Dragon said to have made its home on Mount Ararat. Vishap
33%
What is the name of the Hungarian Lord of Dragons? Fernyiges
0%
What is the name of the draconian ruler of the Babylonian gods? Marduk
0%
What is the name of the winged river dragon-beast of Native American Mythology Piasa
0%
What is the soaring snake dragon of Chinese myth called? Teng
0%
No matching quizzes found
Score Distribution
Percent of People with Each Score
Percentile by Number Answered
Your Score History
You have not taken this quiz